000 00746nam a2200229Ia 4500
001 56182
003 127169
005 20240709063526.0
008 ||||||n9999 ||| || ||
041 _aspa
110 1 _aColombia.
_bDepartamento Nacional de Planeación
_9261
245 0 _aParticipación del Banco de Programas y Proyectos en funciones de planeación y programación de las inversiones
260 _aBogotá :
_bDepartamento Nacional de Planeación-DNP,
_c1998.
300 _a74p.
490 _aAyuda
562 _e7
650 0 _aBANCOS DE PROYECTOS--COLOMBIA
_9201275
650 _aINVERSIONES PÚBLICAS--COLOMBIA
_934176
650 _aPROYECTOS DE INVERSIÓN PÚBLICA--COLOMBIA
_934178
942 _cDOC
942 _cDO-GO
999 _c56182
_d56182